<?xml version="1.0" encoding="UTF-8"?>
<record
    xmlns:xsi="http://www.w3.org/2001/XMLSchema-instance"
    xsi:schemaLocation="http://www.loc.gov/MARC21/slim http://www.loc.gov/standards/marcxml/schema/MARC21slim.xsd"
    xmlns="http://www.loc.gov/MARC21/slim">

  <leader>00718nam a2200193Ia 4500</leader>
  <controlfield tag="003">OSt</controlfield>
  <controlfield tag="005">20240401143258.0</controlfield>
  <controlfield tag="008">210210b2009   xxu||||| |||| 00| 0 eng d</controlfield>
  <datafield tag="040" ind1=" " ind2=" ">
    <subfield code="c">AL</subfield>
  </datafield>
  <datafield tag="041" ind1=" " ind2=" ">
    <subfield code="a">eng</subfield>
  </datafield>
  <datafield tag="082" ind1=" " ind2=" ">
    <subfield code="a">K894.4 NARS</subfield>
  </datafield>
  <datafield tag="100" ind1=" " ind2=" ">
    <subfield code="a">NARAYANACHARYA (K S)</subfield>
    <subfield code="d">&#xCA8;&#xCBE;&#xCB0;&#xCBE;&#xCAF;&#xCA3;&#xCBE;&#xC9A;&#xCBE;&#xCB0;&#xCCD;&#xCAF; &#xC95;&#xCC6; &#xC8E;&#xCB8;&#xCCD;</subfield>
    <subfield code="9">157521</subfield>
  </datafield>
  <datafield tag="245" ind1=" " ind2=" ">
    <subfield code="a">Shrimadbhagavata dharatIrthavahinn shrikrashnavatara: uttarardha</subfield>
    <subfield code="b">&#xCB6;&#xCCD;&#xCB0;&#xCC0;&#xCAE;&#xCA7;&#xCCD;&#xCAD;&#xCBE;&#xC97;&#xCB5;&#xCA4;  &#xCA7;&#xCBE;&#xCB0;&#xCBE;&#xCA4;&#xCC0;&#xCB0;&#xCCD;&#xCA5;&#xCB5;&#xCBE;&#xCB9;&#xCBF;&#xCA8;&#xCC0;  &#xCB6;&#xCCD;&#xCB0;&#xCC0;&#xC95;&#xCC3;&#xCB7;&#xCCD;&#xCA3;&#xCBE;&#xCB5;&#xCA4;&#xCBE;&#xCB0; :&#xC89;&#xCA4;&#xCCD;&#xCA4;&#xCB0;&#xCBE;&#xCB0;&#xCCD;&#xCA7; </subfield>
  </datafield>
  <datafield tag="260" ind1=" " ind2=" ">
    <subfield code="a">Hubballi</subfield>
    <subfield code="b">Sahithya Prakashana.,</subfield>
    <subfield code="c">2009</subfield>
  </datafield>
  <datafield tag="300" ind1=" " ind2=" ">
    <subfield code="a">459</subfield>
  </datafield>
  <datafield tag="690" ind1=" " ind2=" ">
    <subfield code="a">Kannada Prose</subfield>
    <subfield code="9">157522</subfield>
  </datafield>
  <datafield tag="906" ind1=" " ind2=" ">
    <subfield code="a">066381</subfield>
  </datafield>
  <datafield tag="942" ind1=" " ind2=" ">
    <subfield code="2">ddc</subfield>
    <subfield code="c">BK</subfield>
  </datafield>
  <datafield tag="999" ind1=" " ind2=" ">
    <subfield code="c">87922</subfield>
    <subfield code="d">87922</subfield>
  </datafield>
  <datafield tag="952" ind1=" " ind2=" ">
    <subfield code="0">0</subfield>
    <subfield code="1">0</subfield>
    <subfield code="4">0</subfield>
    <subfield code="7">0</subfield>
    <subfield code="8">Kannada</subfield>
    <subfield code="a">AL</subfield>
    <subfield code="b">AL</subfield>
    <subfield code="c">Kannada Literature</subfield>
    <subfield code="d">2021-02-17</subfield>
    <subfield code="e">Athree Book Centre Balmatta, Mangalore-01</subfield>
    <subfield code="g">600.00</subfield>
    <subfield code="l">0</subfield>
    <subfield code="o">K894.4 NARS</subfield>
    <subfield code="p">066381</subfield>
    <subfield code="r">2021-02-17 00:00:00</subfield>
    <subfield code="w">2021-02-17</subfield>
    <subfield code="y">BK</subfield>
  </datafield>
</record>
